Itämeren maiden liput - Statistics

Yleistilastot
  • Tätä visaa on pelattu 2 517 kertaa
  • Keskiarvotulos 9 / 9
Vastaustilastot
Kuvavisa Vastaus % Oikein
Suomi
100%
Venäjä
99%
Viro
99%
Puola
98%
Ruotsi
98%
Saksa
98%
Tanska
98%
Latvia
97%
Liettua
97%
Ehtoja vastaavia visoja ei löytynyt
Tulosjakauma
Jokaisen tuloksen saaneiden osuus
Persentiili vastausten määrän mukaan
Tuloshistoriasi
Et ole pelannut tätä visaa